[Event "III Weekend"]
[Site "Morrovalle ITA"]
[Date "2013.08.17"]
[Round "2"]
[White "Sagripanti, Michele"]
[Black "Armaroli, Alberto"]
[WhiteElo "2060"]
[BlackElo "1813"]
[Result "1-0"]
[PlyCount "51"]
[EventDate "2013.08.16"]

1. e4 e6 2. d4 d5 3. Nd2 Nf6 4. Bd3 c5 5. e5 Nfd7 6. c3 Nc6 7. Ne2 Qb6 8. O-O
cxd4 9. cxd4 Nxd4 10. Nxd4 Qxd4 11. Nf3 Qg4 12. h3 Qh5 13. Qa4 a6 14. Kh2 f6
15. Bf4 Be7 16. Rac1 Bd8 17. Rfe1 Ke7 18. Qb4+ Ke8 19. Qd6 Nf8 20. exf6 Qf7 21.
fxg7 Rg8 22. gxf8=Q+ Rxf8 23. Rxc8 Rxc8 24. Rxe6+ Be7 25. Bg5 Rd8 26. Qxe7+ 1-0

[Event "III Weekend"]
[Site "Morrovalle ITA"]
[Date "2013.08.17"]
[Round "3"]
[White "Giacometti, Carlo"]
[Black "Medorini, Massimiliano"]
[WhiteElo "2068"]
[BlackElo "1889"]
[Result "0-1"]
[PlyCount "64"]
[EventDate "2013.08.16"]

1. d4 d5 2. Nf3 Nf6 3. c4 c6 4. Nc3 a6 5. e3 e6 6. Qc2 Nbd7 7. Bd3 dxc4 8. Bxc4
b5 9. Bd3 Bb7 10. O-O Be7 11. e4 c5 12. e5 Nd5 13. Nxd5 Bxd5 14. Be4 Bxe4 15.
Qxe4 O-O 16. d5 exd5 17. Qxd5 Qc8 18. Bg5 Nb6 19. Qe4 Qe6 20. Qh4 f6 21. exf6
Bxf6 22. Rfe1 Bxg5 23. Nxg5 Qf5 24. g4 Qg6 25. Re6 Rf6 26. Rae1 Rxe6 27. Rxe6
Qb1+ 28. Kg2 Nd5 29. Nh3 Rf8 30. Qg3 Qxb2 31. Rxa6 Qd4 32. Qd6 Qxg4+ 0-1

[Event "III Weekend"]
[Site "Morrovalle ITA"]
[Date "2013.08.17"]
[Round "3"]
[White "Guglielmi, Dante"]
[Black "Sagripanti, Michele"]
[WhiteElo "1891"]
[BlackElo "2060"]
[Result "1/2-1/2"]
[PlyCount "63"]
[EventDate "2013.08.16"]

1. c4 e5 2. Nc3 Nf6 3. g3 Bb4 4. Bg2 Nc6 5. Nf3 O-O 6. O-O Re8 7. a3 Bxc3 8.
bxc3 d5 9. cxd5 Nxd5 10. Qc2 Bg4 11. d3 Qd7 12. Rb1 Nb6 13. Re1 Rad8 14. Ng5 h6
15. Ne4 Qe7 16. Be3 Bc8 17. Bc5 Qe6 18. Be3 f5 19. Nc5 Qd6 20. a4 f4 21. Ne4
Qg6 22. Bd2 h5 23. Kh1 fxg3 24. fxg3 Rf8 25. Rf1 Kh8 26. Ng5 Bf5 27. Qb3 Rde8
28. e4 Bg4 29. Nf7+ Kh7 30. Ng5+ Kh8 31. Nf7+ Kh7 32. Ng5+ 1/2-1/2

[Event "III Weekend"]
[Site "Morrovalle ITA"]
[Date "2013.08.17"]
[Round "3"]
[White "Lattanzio, Savino"]
[Black "Fratini, Mauro"]
[WhiteElo "2076"]
[BlackElo "1907"]
[Result "1-0"]
[PlyCount "83"]
[EventDate "2013.08.16"]

1. e4 Nf6 2. e5 Nd5 3. d4 d6 4. Nf3 Bg4 5. Be2 e6 6. c4 Nb6 7. O-O N8d7 8. exd6
cxd6 9. b3 Nf6 10. Nc3 Be7 11. Be3 d5 12. c5 Bxf3 13. Bxf3 Nbd7 14. b4 O-O 15.
Bf4 Ne8 16. Re1 Bg5 17. Bxg5 Qxg5 18. a4 g6 19. a5 Ng7 20. a6 bxa6 21. Rxa6 Nf5
22. g3 Nb8 23. Ra4 h5 24. b5 Nd7 25. Bg2 Qf6 26. Qd2 Ne7 27. Rea1 Nf5 28. Rxa7
Rad8 29. Ne2 g5 30. Rc1 Kg7 31. Rxd7 Rxd7 32. b6 Rb7 33. Qb2 Rfb8 34. Rd1 h4
35. Nc1 hxg3 36. hxg3 Ne7 37. Nd3 Nc6 38. Ne5 Rc8 39. Nxc6 Rxc6 40. Qb5 Rc8 41.
c6 Rbb8 42. c7 1-0

[Event "III Weekend"]
[Site "Morrovalle ITA"]
[Date "2013.08.17"]
[Round "3"]
[White "Pegoraro, Nicola"]
[Black "Rinaudo, Andrea"]
[WhiteElo "2017"]
[BlackElo "2070"]
[Result "1/2-1/2"]
[PlyCount "123"]
[EventDate "2013.08.16"]

1. e4 c5 2. Nf3 Nc6 3. d4 cxd4 4. Nxd4 e5 5. Nb5 d6 6. c4 Be7 7. Be2 a6 8. N5a3
f5 9. exf5 Bxf5 10. Be3 Nf6 11. Nc3 O-O 12. O-O Qe8 13. Kh1 Qg6 14. Nd5 Ng4 15.
Bxg4 Bxg4 16. f3 Bf5 17. Qd2 Rad8 18. Rac1 Bf6 19. Nb1 h6 20. Nxf6+ Rxf6 21.
Nc3 Ne7 22. Nd5 Rf7 23. Rfd1 Nxd5 24. cxd5 Kh7 25. Rc3 e4 26. f4 Qh5 27. Rdc1
Rdd7 28. Kg1 Rde7 29. h3 Bd7 30. Kh2 Qh4 31. Qe1 Qh5 32. Qd1 Qxd1 33. Rxd1 Bb5
34. Rd4 Bd3 35. g4 Rc7 36. Bd2 Rxc3 37. bxc3 b5 38. Kg1 Kg6 39. Kf2 Kf6 40. Ke3
Rc7 41. a3 Rc5 42. Be1 Rc8 43. Bh4+ Kf7 44. Be1 Ke7 45. Kd2 Kd7 46. Bf2 Re8 47.
Ke3 Rc8 48. Kd2 h5 49. a4 hxg4 50. hxg4 Rh8 51. axb5 axb5 52. Rb4 Rh3 53. Rd4
Rf3 54. Be3 Rg3 55. Bf2 Rxg4 56. Ke3 Rg2 57. Rb4 g6 58. Rb2 Kc7 59. Rd2 Rh2 60.
Kd4 Rh1 61. Be3 Rh6 62. f5 1/2-1/2

[Event "III Weekend"]
[Site "Morrovalle ITA"]
[Date "2013.08.17"]
[Round "3"]
[White "Rinaudo, Sergio"]
[Black "Civitareale, Antonio"]
[WhiteElo "2122"]
[BlackElo "1948"]
[Result "1-0"]
[PlyCount "59"]
[EventDate "2013.08.16"]

1. d4 d5 2. Nf3 Nc6 3. c4 Nf6 4. Nc3 e6 5. Bf4 Bb4 6. e3 O-O 7. Bd3 dxc4 8.
Bxc4 Nd5 9. Bxd5 exd5 10. h3 Ne7 11. Qb3 Ba5 12. O-O c6 13. Qa4 Bc7 14. Bxc7
Qxc7 15. b4 Qd6 16. b5 Bf5 17. bxc6 bxc6 18. Rfc1 Rfb8 19. Ne2 Rb6 20. Ng3 Bd3
21. Rc5 f6 22. Rac1 Rab8 23. Qa3 Bc4 24. Nd2 Bb5 25. Qc3 Ra6 26. Rc2 Ba4 27.
Rc1 Rab6 28. Ra5 Bb5 29. Rxa7 Nc8 30. Rxg7+ 1-0

[Event "III Weekend"]
[Site "Morrovalle ITA"]
[Date "2013.08.17"]
[Round "3"]
[White "Varvaglione, Antonio"]
[Black "Pelagatti, Alessandro"]
[WhiteElo "2048"]
[BlackElo "2192"]
[Result "0-1"]
[PlyCount "100"]
[EventDate "2013.08.16"]

1. e4 g6 2. d4 Bg7 3. Nc3 d6 4. Be3 a6 5. a4 b6 6. Qd2 Bb7 7. Nf3 e6 8. Bd3 h6
9. Ne2 Nf6 10. Ng3 Ng4 11. Bf4 e5 12. dxe5 dxe5 13. Qc3 O-O 14. Bd2 Nc6 15. h3
Nf6 16. Be3 Qe7 17. Qd2 Kh7 18. O-O Rfd8 19. c3 Nd7 20. b4 Nf8 21. Rfd1 Ne6 22.
Qc1 a5 23. b5 Nb8 24. Bc4 Nd7 25. Bd5 Ndc5 26. Bxb7 Nxb7 27. Ne2 Nbc5 28. Qc2
Rxd1+ 29. Rxd1 Rd8 30. Rd2 Rd7 31. Nc1 Qd8 32. Bxc5 Nxc5 33. Rxd7 Qxd7 34. Ne1
Kg8 35. f3 Bf8 36. Ned3 Qe6 37. Nxc5 Bxc5+ 38. Kh1 Qc4 39. Ne2 h5 40. Qd1 Kg7
41. g3 Qa2 42. Kg2 Be7 43. Kf1 h4 44. g4 Bc5 45. Kg2 Be3 46. Kf1 Bd2 47. c4 Be3
48. Qd5 Qb1+ 49. Kg2 Qe1 50. Qxe5+ Kh7 0-1

[Event "III Weekend"]
[Site "Morrovalle ITA"]
[Date "2013.08.18"]
[Round "4"]
[White "Campini, Marco"]
[Black "Savoretti, Andrea"]
[WhiteElo "2086"]
[BlackElo "1807"]
[Result "1/2-1/2"]
[PlyCount "84"]
[EventDate "2013.08.16"]

1. e4 g6 2. d4 Bg7 3. f4 d6 4. Nf3 Nf6 5. Nc3 O-O 6. Bd3 c5 7. dxc5 dxc5 8. Qe2
Nc6 9. e5 Nd5 10. Nxd5 Qxd5 11. Be4 Qd7 12. O-O b6 13. b4 Nd4 14. Qf2 Nxf3+ 15.
Qxf3 Rb8 16. bxc5 bxc5 17. Be3 Qc7 18. Rfb1 Ba6 19. Bf2 Qa5 20. a3 Rfd8 21.
Rxb8 Rxb8 22. h4 Rd8 23. Rb1 e6 24. h5 Qc7 25. hxg6 hxg6 26. Bh4 Rb8 27. Rd1 c4
28. Rd6 Bb7 29. Bxb7 Qxb7 30. Qxb7 Rxb7 31. Rd8+ Kh7 32. Rc8 Rb1+ 33. Kf2 Bh6
34. Bf6 Bg7 35. Rxc4 Bxf6 36. exf6 Ra1 37. a4 g5 38. fxg5 Kg6 39. Rc5 Rxa4 40.
c4 e5 41. Rc7 Kxg5 42. Rxf7 Rxc4 1/2-1/2

[Event "III Weekend"]
[Site "Morrovalle ITA"]
[Date "2013.08.18"]
[Round "4"]
[White "Civitareale, Antonio"]
[Black "Giordani, Roberto"]
[WhiteElo "1948"]
[BlackElo "1810"]
[Result "1/2-1/2"]
[PlyCount "91"]
[EventDate "2013.08.16"]

1. Nf3 Nf6 2. c4 e6 3. Nc3 d5 4. g3 Be7 5. Bg2 O-O 6. O-O dxc4 7. Qa4 a6 8.
Qxc4 b5 9. Qb3 Bb7 10. d4 Nbd7 11. Rd1 Qc8 12. Bg5 c5 13. Rac1 c4 14. Qc2 h6
15. Bxf6 Nxf6 16. a3 Rd8 17. Ne5 Bxg2 18. Kxg2 Qb7+ 19. Kg1 Rac8 20. b4 Bd6 21.
Nf3 g6 22. Nd2 e5 23. Nde4 Nxe4 24. Nxe4 exd4 25. Rxd4 Be5 26. Nc5 Qa7 27. Rd2
a5 28. Rcd1 Rxd2 29. Qxd2 axb4 30. axb4 Bg7 31. Qf4 Bf8 32. Nd7 Bg7 33. Nc5 Bf8
34. Nd7 Qa4 35. Nf6+ Kg7 36. Qd4 Qxd1+ 37. Qxd1 Kxf6 38. Qd4+ Ke7 39. Qc3 Kd7
40. Kf1 Rc6 41. f4 Be7 42. e4 Rd6 43. Qe5 Rb6 44. Qc3 Rd6 45. Qe5 Rb6 46. Qc3
1/2-1/2

[Event "III Weekend"]
[Site "Morrovalle ITA"]
[Date "2013.08.18"]
[Round "4"]
[White "Medorini, Massimiliano"]
[Black "Rinaudo, Sergio"]
[WhiteElo "1889"]
[BlackElo "2122"]
[Result "1-0"]
[PlyCount "75"]
[EventDate "2013.08.16"]

1. c4 e5 2. Nc3 Nf6 3. Nf3 Nc6 4. e3 Bb4 5. Qc2 O-O 6. Nd5 Re8 7. Qf5 d6 8.
Nxf6+ Qxf6 9. Qxf6 gxf6 10. Be2 Bf5 11. O-O a5 12. a3 Bc5 13. b3 Bc2 14. Bd1
Bd3 15. Re1 Rad8 16. Bb2 d5 17. Rc1 dxc4 18. bxc4 Be4 19. Be2 Re6 20. Red1 Red6
21. Kf1 Bxf3 22. Bxf3 Rxd2 23. Rxd2 Rxd2 24. Bc3 Rd6 25. a4 b6 26. Ke2 Bb4 27.
Bxb4 Nxb4 28. c5 Rd8 29. cxb6 cxb6 30. Rc7 Kg7 31. Bh5 Nd5 32. Rb7 Nc3+ 33. Kf3
Nxa4 34. Rxf7+ Kh6 35. g4 Rd6 36. Ke4 Nc3+ 37. Kf5 Nd5 38. h4 1-0

[Event "III Weekend"]
[Site "Morrovalle ITA"]
[Date "2013.08.18"]
[Round "4"]
[White "Pelagatti, Alessandro"]
[Black "Lattanzio, Savino"]
[WhiteElo "2192"]
[BlackElo "2076"]
[Result "1/2-1/2"]
[PlyCount "32"]
[EventDate "2013.08.16"]

1. d4 Nf6 2. Bg5 c5 3. d5 Ne4 4. Bf4 Qb6 5. Nd2 Qxb2 6. Nxe4 Qb4+ 7. c3 Qxe4 8.
e3 g5 9. Bg3 Bg7 10. Rc1 b5 11. Nf3 Bb7 12. c4 bxc4 13. Rxc4 Qxd5 14. Qxd5 Bxd5
15. Rxc5 e6 16. Bd6 Nc6 1/2-1/2

[Event "III Weekend"]
[Site "Morrovalle ITA"]
[Date "2013.08.18"]
[Round "4"]
[White "Rinaudo, Andrea"]
[Black "Guglielmi, Dante"]
[WhiteElo "2070"]
[BlackElo "1891"]
[Result "1-0"]
[PlyCount "53"]
[EventDate "2013.08.16"]

1. e4 c5 2. Nf3 d6 3. Bb5+ Bd7 4. Bxd7+ Nxd7 5. O-O Ngf6 6. Re1 e6 7. c4 Be7 8.
Nc3 O-O 9. d4 cxd4 10. Nxd4 a6 11. b3 Qa5 12. Bb2 Qh5 13. Qxh5 Nxh5 14. Rad1
Rfd8 15. g3 Ne5 16. Re2 Nc6 17. Red2 Nf6 18. Ba3 Ne8 19. Nxc6 bxc6 20. e5 f5
21. exd6 Bf6 22. Na4 Ra7 23. Bc5 Rad7 24. Bb6 Rb8 25. Nc5 Rxd6 26. Rxd6 Nxd6
27. Bc7 1-0

[Event "III Weekend"]
[Site "Morrovalle ITA"]
[Date "2013.08.18"]
[Round "4"]
[White "Sagripanti, Michele"]
[Black "Pegoraro, Nicola"]
[WhiteElo "2060"]
[BlackElo "2017"]
[Result "1-0"]
[PlyCount "68"]
[EventDate "2013.08.16"]

1. e4 c5 2. c3 d5 3. exd5 Qxd5 4. d4 Bf5 5. Nf3 e6 6. Be3 Bxb1 7. Rxb1 cxd4 8.
Nxd4 Nf6 9. Qa4+ Nfd7 10. Ke2 Be7 11. c4 Qh5+ 12. g4 Qxg4+ 13. f3 Qg6 14. Bh3
O-O 15. Rbg1 Nc5 16. Qd1 Qh5 17. Bg4 Qe5 18. f4 Qd6 19. b4 Ne4 20. Qc2 Nf6 21.
Bf3 Nc6 22. Nxc6 bxc6 23. Rb1 Rac8 24. Rhd1 Qc7 25. Qc3 Rfd8 26. a4 a6 27. a5
Rxd1 28. Rxd1 Rb8 29. Qe5 Qc8 30. Bb6 Ne8 31. Qe4 Nd6 32. Qd3 Nf5 33. c5 Bf8
34. Qd7 Ne7 1-0

[Event "III Weekend"]
[Site "Morrovalle ITA"]
[Date "2013.08.18"]
[Round "5"]
[White "Giordani, Roberto"]
[Black "Cristicchia, Matteo"]
[WhiteElo "1810"]
[BlackElo "1639"]
[Result "0-1"]
[PlyCount "74"]
[EventDate "2013.08.16"]

1. e4 e5 2. Nf3 Nc6 3. Bc4 Bc5 4. O-O Nf6 5. d4 Bxd4 6. Nxd4 Nxd4 7. f4 d6 8.
c3 Nc6 9. fxe5 Nxe5 10. Bb3 h6 11. Qe1 O-O 12. Bc2 Re8 13. Nd2 b6 14. Nb3 c5
15. Bf4 Bb7 16. Rd1 Qe7 17. Nd2 Rad8 18. h3 Ng6 19. Qf2 Nxe4 20. Nxe4 Bxe4 21.
Bxe4 Qxe4 22. Rde1 Qxf4 23. Rxe8+ Rxe8 24. Qxf4 Nxf4 25. Rxf4 Re2 26. Ra4 a5
27. b3 Rc2 28. b4 axb4 29. cxb4 c4 30. Ra8+ Kh7 31. a4 Rb2 32. b5 c3 33. Rc8 c2
34. Kh2 d5 35. a5 bxa5 36. b6 d4 37. b7 d3 0-1

[Event "III Weekend"]
[Site "Morrovalle ITA"]
[Date "2013.08.18"]
[Round "5"]
[White "Pelagatti, Alessandro"]
[Black "Medorini, Massimiliano"]
[WhiteElo "2192"]
[BlackElo "1889"]
[Result "1/2-1/2"]
[PlyCount "93"]
[EventDate "2013.08.16"]

1. d4 d5 2. c4 c6 3. Nf3 Nf6 4. Qc2 e6 5. Bg5 Be7 6. Nbd2 O-O 7. e3 a6 8. Be2
Nbd7 9. O-O h6 10. Bh4 c5 11. dxc5 Nxc5 12. b4 Nce4 13. a3 Nxd2 14. Nxd2 Bd7
15. Rfc1 Rc8 16. Qd1 Bc6 17. b5 axb5 18. cxb5 Bd7 19. a4 e5 20. Bg3 Bd6 21. Nc4
Bxb5 22. axb5 dxc4 23. Bxc4 Qe7 24. Qb3 Ne4 25. Bd5 Nxg3 26. hxg3 b6 27. Rc6
Bc5 28. Ra4 Rcd8 29. Ra2 Rd7 30. Rc2 Rc7 31. Rxc7 Qxc7 32. Ra2 Rd8 33. Ra4 Qd7
34. e4 Kh8 35. Qf3 Kg8 36. Ra1 Qe7 37. Qh5 Bd4 38. Rc1 Bc5 39. Rc3 Rd6 40. Rf3
Rf6 41. Qg4 Rxf3 42. gxf3 Bd4 43. Qc8+ Kh7 44. Kg2 Qf6 45. Qe8 Kg6 46. Qd7 Bc5
47. Qg4+ 1/2-1/2

[Event "III Weekend"]
[Site "Morrovalle ITA"]
[Date "2013.08.18"]
[Round "5"]
[White "Renzetti, Leonardo"]
[Black "Perogio, Lorenzo"]
[WhiteElo "1782"]
[BlackElo "1868"]
[Result "0-1"]
[PlyCount "81"]
[EventDate "2013.08.16"]

1. d4 d6 2. c4 Nf6 3. Nc3 g6 4. e4 Bg7 5. Be2 O-O 6. Nf3 e5 7. O-O Nc6 8. d5
Ne7 9. b4 Ne8 10. c5 f5 11. Ng5 f4 12. Ne6 Bxe6 13. dxe6 a5 14. cxd6 Nxd6 15.
b5 Kh8 16. a4 Rf6 17. Qb3 Qg8 18. Nd5 Qxe6 19. Qc2 Nxd5 20. exd5 Qd7 21. Bb2
Rf7 22. Bd3 f3 23. gxf3 Rxf3 24. Be2 Rf7 25. f3 Nf5 26. Qe4 Re8 27. Rf2 Nd4 28.
Bc1 Qf5 29. Ra2 Ref8 30. Bd1 Qh3 31. Ra3 Nf5 32. Be2 Nd6 33. Qc2 Qh4 34. Be3 e4
35. f4 Nf5 36. Bc5 e3 37. Rf3 Re8 38. Qd3 b6 39. Bxe3 Rfe7 40. Qd2 Re4 41. Kh1
0-1

[Event "III Weekend"]
[Site "Morrovalle ITA"]
[Date "2013.08.18"]
[Round "5"]
[White "Rinaudo, Sergio"]
[Black "Sagripanti, Michele"]
[WhiteElo "2122"]
[BlackElo "2060"]
[Result "0-1"]
[PlyCount "64"]
[EventDate "2013.08.16"]

1. d4 Nf6 2. Nf3 e6 3. c4 Bb4+ 4. Bd2 Qe7 5. g3 O-O 6. Bg2 Nc6 7. a3 Bxd2+ 8.
Nbxd2 d6 9. O-O e5 10. e3 Bg4 11. Qc2 Rfe8 12. dxe5 dxe5 13. Ng5 h6 14. Nge4
Rad8 15. Nc3 Qd7 16. Nde4 Nxe4 17. Nxe4 b6 18. Nc3 Na5 19. Nd5 c6 20. b4 cxd5
21. bxa5 d4 22. exd4 exd4 23. axb6 axb6 24. Bd5 b5 25. Rfe1 Rxe1+ 26. Rxe1 bxc4
27. Bxc4 d3 28. Qd2 Qd4 29. Bxd3 Bf5 30. Re3 Bxd3 31. Qd1 Be4 32. Qe1 Bc6 0-1

[Event "Coppa del Mondo"]
[Site "Tromso NOR"]
[Date "2013.08.11"]
[Round "1.1"]
[White "Eljanov, Pavel"]
[Black "Brunello, Sabino"]
[WhiteElo "2702"]
[BlackElo "2607"]
[Result "1/2-1/2"]
[PlyCount "96"]
[EventDate "2013.08.11"]

1. c4 e5 2. Nc3 d6 3. Nf3 f5 4. g3 Be7 5. Bg2 Nf6 6. O-O O-O 7. d4 e4 8. Ng5 c6
9. d5 h6 10. Nh3 Nbd7 11. f3 exf3 12. exf3 Qa5 13. Re1 Rf7 14. Nf2 cxd5 15.
cxd5 b5 16. a4 b4 17. Nb5 Bb7 18. Bf4 Nxd5 19. Bxd6 a6 20. f4 axb5 21. Bxe7
bxa4 22. Bxb4 Qxb4 23. Bxd5 Bxd5 24. Qxd5 Nb6 25. Qe6 Raf8 26. Rac1 Kh7 27.
Red1 Re7 28. Rd4 Qxb2 29. Qxe7 Qxc1+ 30. Rd1 Qc8 31. Rd6 Nc4 32. Rd7 Rg8 33.
Rc7 Qa6 34. Qc5 Nd2 35. Qxf5+ Kh8 36. Qd3 Qb6 37. Rd7 Nb3 38. Rd6 Qb4 39. Qa6
Rb8 40. Nd3 Qe4 41. Nf2 Qe7 42. f5 Nc5 43. Qc6 a3 44. Qxc5 a2 45. Rxh6+ gxh6
46. Qxe7 a1=Q+ 47. Kg2 Qg7 48. Qe6 Rb2 1/2-1/2

[Event "XV Festival A"]
[Site "Trieste ITA"]
[Date "2013.08.31"]
[Round "1"]
[White "Al Zayat, Ahmed"]
[Black "Valsecchi, Alessio"]
[WhiteElo "2109"]
[BlackElo "2412"]
[Result "0-1"]
[PlyCount "88"]
[EventDate "2013.08.31"]

1. d4 d5 2. Bf4 Nc6 3. e3 Nf6 4. Bd3 Bg4 5. Nf3 e6 6. c3 Bd6 7. Nbd2 a6 8. Qc2
Bh5 9. O-O Bg6 10. b4 Qe7 11. Ne5 Bxe5 12. dxe5 Nd7 13. Nf3 Bh5 14. b5 axb5 15.
Bxb5 Bxf3 16. gxf3 O-O 17. Bxc6 bxc6 18. c4 Ra7 19. Rfc1 Rfa8 20. e4 d4 21. c5
Ra3 22. Kg2 f6 23. exf6 Qxf6 24. Bxc7 Qxf3+ 25. Kg1 Qg4+ 26. Bg3 Ne5 27. h3
Nf3+ 28. Kg2 Nh4+ 29. Kh2 Qf3 30. Rg1 Ng6 31. Rab1 Rc3 32. Qd1 Qxd1 33. Rgxd1
e5 34. Rb6 Rxc5 35. Ra1 Rc2 36. a4 d3 37. Rb7 d2 38. Rd1 Rd8 39. Rbb1 Ra2 40.
Rb4 Rc2 41. Rbb1 c5 42. Kg2 c4 43. Kf3 c3 44. Rb5 Rc1 0-1

[Event "XV Festival A"]
[Site "Trieste ITA"]
[Date "2013.08.31"]
[Round "1"]
[White "Bosiocic, Marin"]
[Black "Kolesar, Milan"]
[WhiteElo "2563"]
[BlackElo "2141"]
[Result "1-0"]
[PlyCount "87"]
[EventDate "2013.08.31"]

1. e4 c5 2. Nf3 d6 3. d4 cxd4 4. Nxd4 Nf6 5. Nc3 Nc6 6. Bg5 e6 7. Qd2 a6 8.
O-O-O Bd7 9. f4 b5 10. Bxf6 gxf6 11. Nxc6 Bxc6 12. Qe1 Ra7 13. Kb1 Be7 14. f5
Qb6 15. Bd3 b4 16. Ne2 e5 17. Ng3 d5 18. exd5 Bxd5 19. Qe2 Qc6 20. Be4 Bxe4 21.
Nxe4 Rg8 22. g4 h6 23. Rd3 Rd7 24. h3 Rxd3 25. Qxd3 Kf8 26. c4 bxc3 27. Rc1 Kg7
28. Rxc3 Qb6 29. Qe3 Qxe3 30. Rxe3 Rd8 31. Kc2 Rd4 32. Ng3 Kf8 33. Re4 Rd5 34.
Rc4 Bd8 35. Rc6 a5 36. Nh5 e4 37. Nf4 Re5 38. Kd2 Rb5 39. b3 Bb6 40. Rxf6 Bd4
41. Ne6+ Ke7 42. Nxd4 Rd5 43. Rxh6 Rxd4+ 44. Ke3 1-0

[Event "XV Festival A"]
[Site "Trieste ITA"]
[Date "2013.08.31"]
[Round "1"]
[White "Bruno, Fabio"]
[Black "Suc, Timothy"]
[WhiteElo "2421"]
[BlackElo "2130"]
[Result "1-0"]
[PlyCount "73"]
[EventDate "2013.08.31"]

1. d4 d5 2. Bf4 Nf6 3. e3 c5 4. c3 Nc6 5. Nd2 Qb6 6. Qb3 c4 7. Qc2 Bg4 8. b3
cxb3 9. axb3 Rc8 10. Qb1 e6 11. Bd3 Be7 12. Ngf3 Bh5 13. b4 a6 14. O-O Bg6 15.
e4 dxe4 16. Nxe4 Nxe4 17. Bxe4 O-O 18. Bxg6 hxg6 19. Qd3 Qb5 20. Qxb5 axb5 21.
Nd2 Bf6 22. Ne4 e5 23. dxe5 Nxe5 24. Ra5 Nd3 25. Be3 Be5 26. Rxb5 Bxc3 27. Nxc3
Rxc3 28. Rxb7 Rb3 29. b5 Rc8 30. h3 Rc4 31. Ra1 g5 32. Ra8+ Kh7 33. Rxf7 Rxb5
34. Raa7 Nf4 35. Rxg7+ Kh6 36. Rgd7 Nd5 37. Rd6+ 1-0

[Event "XV Festival A"]
[Site "Trieste ITA"]
[Date "2013.08.31"]
[Round "1"]
[White "Capaliku, Aleks"]
[Black "Ulibin, Mikhail"]
[WhiteElo "2140"]
[BlackElo "2553"]
[Result "0-1"]
[PlyCount "56"]
[EventDate "2013.08.31"]

1. f4 d5 2. b3 Bg4 3. Nf3 Nc6 4. Bb2 f6 5. d4 Nh6 6. e3 Nf5 7. Kf2 e5 8. Bb5
Bd6 9. h3 Bxf3 10. Qxf3 a6 11. Bxc6+ bxc6 12. c4 O-O 13. c5 Be7 14. g4 e4 15.
Qe2 Nh4 16. Nd2 f5 17. Rag1 g5 18. gxf5 Kh8 19. Qg4 Nxf5 20. h4 gxf4 21. Ke2
f3+ 22. Kf2 Bxh4+ 23. Rxh4 Qxh4+ 24. Qxh4 Nxh4 25. Nxe4 Rg8 26. Ng3 Rg4 27. Rh1
Rf8 28. Bc3 Nf5 0-1

[Event "XV Festival A"]
[Site "Trieste ITA"]
[Date "2013.08.31"]
[Round "1"]
[White "Cherin, Diego"]
[Black "Rossi, Francesco"]
[WhiteElo "2239"]
[BlackElo "1882"]
[Result "1-0"]
[PlyCount "113"]
[EventDate "2013.08.31"]

1. e4 e5 2. Nf3 Nc6 3. d4 exd4 4. Nxd4 Nf6 5. Nc3 Bb4 6. Nxc6 bxc6 7. Bd3 d5 8.
e5 Ng4 9. O-O O-O 10. Bf4 f6 11. exf6 Qxf6 12. Bg3 Bd7 13. h3 Ne5 14. Bxh7+
Kxh7 15. Qh5+ Kg8 16. Bxe5 Qf5 17. Qxf5 Bxf5 18. Rac1 Rfe8 19. Bd4 Bxc3 20.
bxc3 Re2 21. Rfe1 Rxe1+ 22. Rxe1 Kf7 23. Rb1 Bc8 24. Be5 a5 25. a4 Ra7 26. f4
g6 27. g4 Ba6 28. Rb8 Be2 29. Rc8 Bd1 30. Bxc7 Bxc2 31. Bb6 Rb7 32. Rxc6 Bxa4
33. Rc7+ Rxc7 34. Bxc7 Bc2 35. Bxa5 Be4 36. Kf2 Ke6 37. h4 Bc2 38. h5 gxh5 39.
gxh5 Bd1 40. h6 Bc2 41. Ke3 Bh7 42. Kd4 Bb1 43. Bc7 Bh7 44. Be5 Bf5 45. Kc5 Be4
46. Bd4 Bc2 47. Kc6 Bh7 48. Kc7 Bf5 49. Kd8 Kf7 50. Bg7 Bg4 51. Kc7 Kg6 52. Kd6
Bf3 53. f5+ Kh7 54. Ke7 Kg8 55. Bd4 Be4 56. f6 Bg6 57. f7+ 1-0

[Event "XV Festival A"]
[Site "Trieste ITA"]
[Date "2013.08.31"]
[Round "1"]
[White "Cretnik, Urban"]
[Black "Ashiku, Franc"]
[WhiteElo "1924"]
[BlackElo "2241"]
[Result "0-1"]
[PlyCount "70"]
[EventDate "2013.08.31"]

1. e4 e6 2. d4 d5 3. Nd2 dxe4 4. Nxe4 Nf6 5. Nxf6+ gxf6 6. Be3 Bd7 7. d5 e5 8.
Bd3 f5 9. Qh5 Qf6 10. O-O-O Na6 11. Ne2 f4 12. Bd2 Nc5 13. Bc3 Bd6 14. g3 Na4
15. Rhe1 O-O-O 16. Qf3 Qh6 17. gxf4 Rde8 18. Kb1 Nxc3+ 19. Nxc3 exf4 20. Ne4
Be5 21. Nc5 Qb6 22. Rxe5 Rxe5 23. Nxd7 Kxd7 24. Qxf4 Rhe8 25. Qxf7+ Kc8 26.
Bf5+ Kb8 27. Be6 Rd8 28. Rg1 a5 29. a3 Qc5 30. Qf6 Qd6 31. f4 Rxd5 32. f5 Qxh2
33. Rg7 Rd1+ 34. Ka2 Qxc2 35. Qe7 a4 0-1

[Event "XV Festival A"]
[Site "Trieste ITA"]
[Date "2013.08.31"]
[Round "1"]
[White "Dvirnyy, Danyyil"]
[Black "Plenca, Jadranko"]
[WhiteElo "2549"]
[BlackElo "2138"]
[Result "1-0"]
[PlyCount "37"]
[EventDate "2013.08.31"]

1. Nf3 Nf6 2. c4 c6 3. g3 d5 4. Bg2 g6 5. b3 Bg7 6. Bb2 O-O 7. O-O Re8 8. Qc2
Nh5 9. d3 e5 10. e4 d4 11. c5 f5 12. exf5 gxf5 13. Nbd2 Be6 14. Rfe1 Nd7 15.
Nc4 Bxc4 16. Qxc4+ Kh8 17. Qf7 Nhf6 18. Ng5 h6 19. Ne6 1-0

[Event "XV Festival A"]
[Site "Trieste ITA"]
[Date "2013.08.31"]
[Round "1"]
[White "Eggleston, David J."]
[Black "Milazzo, Mario"]
[WhiteElo "2363"]
[BlackElo "2040"]
[Result "1-0"]
[PlyCount "87"]
[EventDate "2013.08.31"]

1. e4 e5 2. Nf3 Nc6 3. Bc4 Nf6 4. d3 Be7 5. c3 d6 6. Bb3 O-O 7. O-O Na5 8. Bc2
c5 9. Nbd2 Qc7 10. Re1 Re8 11. Nf1 Nc6 12. Ne3 Bf8 13. d4 cxd4 14. cxd4 Nxd4
15. Nxd4 exd4 16. Qxd4 Qc5 17. Qxc5 dxc5 18. f3 Be6 19. Bd2 c4 20. e5 Nd5 21.
Nxc4 Rec8 22. Bb3 Nb4 23. Nd6 Nc2 24. Nxc8 Bxb3 25. axb3 Nxa1 26. Rxa1 Rxc8 27.
Bc3 Rd8 28. Kf1 a6 29. Ke2 Bc5 30. Rd1 Rxd1 31. Kxd1 Kf8 32. Ke2 Ke7 33. Kd3
Bg1 34. h3 g6 35. f4 Kd7 36. g4 Kc6 37. Ke4 Bc5 38. f5 Be7 39. Be1 b6 40. Bd2
Kc5 41. f6 Bf8 42. e6 fxe6 43. Ke5 Kc6 44. Kxe6 1-0

[Event "XV Festival A"]
[Site "Trieste ITA"]
[Date "2013.08.31"]
[Round "1"]
[White "Ioffe, Evgeny"]
[Black "Trussevich, Sergey"]
[WhiteElo "2029"]
[BlackElo "2328"]
[Result "1-0"]
[PlyCount "177"]
[EventDate "2013.08.31"]

1. e4 d6 2. d4 e5 3. Nf3 exd4 4. Nxd4 Nf6 5. Nc3 Be7 6. Be2 O-O 7. O-O Re8 8.
f4 c5 9. Nb3 Nc6 10. Bf3 Bf8 11. Re1 a6 12. Be3 Bd7 13. a4 Rb8 14. a5 Nb4 15.
Bf2 Bc6 16. Nd5 Nbxd5 17. exd5 Rxe1+ 18. Bxe1 Bb5 19. Bc3 Qe7 20. Qe1 Re8 21.
Qxe7 Bxe7 22. Re1 Kf8 23. Nd2 h6 24. Kf2 Bd8 25. Rxe8+ Kxe8 26. b3 g6 27. g4
Ng8 28. Kg3 b6 29. Ne4 Ke7 30. axb6 Bxb6 31. g5 hxg5 32. fxg5 a5 33. Bg4 a4 34.
Bb2 axb3 35. cxb3 Bd3 36. Nd2 Bc2 37. Bc3 f5 38. Be2 Kf7 39. Kf4 Ne7 40. Bc4
Nc8 41. Ba6 Ne7 42. Bc4 Nc8 43. Ba6 Ne7 44. Bc4 Nc8 45. Nf1 Bc7 46. Ne3 Be4 47.
Be2 Nb6 48. Bf3 Bd3 49. h4 Nd7 50. h5 Nf8 51. Ng2 Bd8 52. Nh4 Bc2 53. b4 Bb6
54. Be2 Be4 55. Bf3 Bd3 56. Bd1 c4 57. Nxg6 Nxg6+ 58. hxg6+ Kxg6 59. Ba4 Kf7
60. Bd7 Be4 61. Bxf5 Bxd5 62. g6+ Ke7 63. g7 Bg8 64. Kg5 Be3+ 65. Kg6 d5 66.
Bf6+ Kd6 67. b5 d4 68. b6 d3 69. b7 Kc7 70. Be4 Bf4 71. Kf5 Bd6 72. Bd4 Kb8 73.
Bc3 Kc7 74. Ba5+ Kd7 75. Kf6 Be7+ 76. Kg6 Bd6 77. Bb4 Be5 78. Bc3 Bb8 79. Kf6
Bd6 80. Bb4 Bb8 81. Bg6 Kc7 82. Bf7 Bh7 83. Bd5 Kb6 84. Kf7 Kb5 85. Bc3 Ka4 86.
Bxc4 Bf4 87. g8=Q Bxg8+ 88. Kxg8 d2 89. Bxd2 1-0